High Speed CMOS Output Buffer

Bibliographic Details
Main Author: Haman, Radek (Author)
Format: Article
Language:Slovak
English
PhysicalDescription:Obr. 8, tab. 1, lit. 22 zázn. v angl.
ISSN:0013-578X
Subjects:

MARC

LEADER 00000nab a2200000 a 4500
001 vtls000546150
003 SK-MaSNL
005 20260304085650.0
008 250425c1995 xo 0 slo
015 |a SNBRB19rr/mm-uuuuu 
035 |a CL0546288 
035 |a urn:nbn:sk:snk-abdx6 
035 |a (urnnbn)urn:nbn:sk:snk:ar-a03nmb 
035 |a (uuid)145a7497-27aa-4f9c-ac2e-5ab9696eb27d 
040 |a SNKBUCL  |b slo  |c SNKBUCL  |e AACR2 
041 0 |a eng 
044 |a xo  |c SK 
080 |a 621.377:681.327.6:621.382.3.049.77  |2 1981 
080 |a 681.327.6  |2 1981 
080 |a 621.382.3.049.77  |2 1981 
100 1 |a Haman, Radek  |4 aut  |9 12094 
245 1 0 |a High Speed CMOS Output Buffer  |c Radek Haman 
300 |b Obr. 8, tab. 1, lit. 22 zázn. v angl. 
650 0 7 |a pamäte vyrovnávacie výstupné  |2 snkbucl  |9 1379440 
650 0 7 |a tranzistory MOS komplementárne  |2 snkbucl  |9 1379441 
655 7 |a články z novín a časopisov  |2 snkbucl  |9 267496 
773 0 |t Journal of electrical engineering  |g Roč. 46, č. 1 (1995), s. 18-24  |x 0013-578X 
850 |a Slovenská národná knižnica 
852 |a Slovenská národná knižnica 
958 |a article27 
958 |a NB 
958 |a RK 
958 |a CZ 
958 |a OND 
958 |a EUIPO 
992 |a RBX 
999 |c 2808917  |d 2810847